000 00580 a2200205 4500
003 436100
005 20251020192010.0
008 251020b |||||||| |||| 00| 0 eng d
022 _a2323-3423
040 _c Nile University of Nigeria , Abuja.
_erda
050 _a K 60 .N5
082 _a K 60 .N5
245 _aINTERNATIONAL AND COMPARATIVE JOURNAL OF PEACE AND ENVIROMENT
260 _aLagos
_bShittu Ade Press
_c2014
264 _aLagos
_bShittu Ade Press
_c2014
300 _aii, 191pg., 32 cm.
336 _2rdacontent
338 _2rdacarrier
942 _2lcc
_cSERIAL
999 _c43921
_d43921